=LDR 00000nam 2200000 4500 =001 NUTBA000000000005316 =005 20250327101520 =035 ##$$a 0010-101400000000546 =008 250327################g##########0#ind## =020 ##$$a 978-602-223-017-5 =040 ##$$a NBPDMAT =082 ##$$a R.926.03 =090 ##$$a R.926.03 $b And c =100 ##$$a Andarini Saptika =245 1#$$a Ensiklopedia iptek bilngual : $b Penemu-penemu dunia /$c Andarini Saptika =250 ##$$a Cet. 3 =260 ##$$a Jakarta :$b Multazam Mulia Utama,$c 2012 =300 ##$$a vii,128 hlm. : $b ilus. ; $c 30 x 22 cm. =500 ##$$a Bibliografi : hlm. 126-127 =500 ##$$a Indeks : hlm. 128 =700 #$$a Andarini Saptika =850 ##$$a NBPDMAT =084 ##$$a R.926.03 AND e =650 #4$$a Biografi Penemu Bidang Iptek - Bibliografi =990 ##$$a 21415337 =990 ##$$a 21415338 =990 ##$$a 21415339 =990 ##$$a 21415340 =990 ##$$a 21415341